Passat, present i futur del teatre valencià / (Record n. 21949)

Dettagli MARC
000 -LEADER
fixed length control field 00809nam a2200241 i 4500
003 - CONTROL NUMBER IDENTIFIER
control field IT-RoINE
005 - DATE AND TIME OF LATEST TRANSACTION
control field 20180115085417.0
008 - FIXED-LENGTH DATA ELEMENTS--GENERAL INFORMATION
fixed length control field 930329s1981 sp |a r |||| ||cat d
020 ## - INTERNATIONAL STANDARD BOOK NUMBER
International Standard Book Number 8400045444
040 ## - CATALOGING SOURCE
Original cataloging agency SpMaBN
Language of cataloging spa
Transcribing agency SIC IT-RoINE
Modifying agency IT-RoINE
100 1# - MAIN ENTRY--PERSONAL NAME
Personal name Sirera, Josep Lluís,
Dates associated with a name 1954-2015
9 (RLIN) 43346
245 10 - TITLE STATEMENT
Title Passat, present i futur del teatre valencià /
Statement of responsibility, etc Josep Lluís Sirera.
260 ## - PUBLICATION, DISTRIBUTION, ETC. (IMPRINT)
Place of publication, distribution, etc València :
Name of publisher, distributor, etc Institución Alfons el Magnànim,
Date of publication, distribution, etc 1981.
300 ## - PHYSICAL DESCRIPTION
Extent 94 p. :
Other physical details il. ;
Dimensions 22 cm.
336 ## - CONTENT TYPE
Source rdacontent
Content type term text
337 ## - MEDIA TYPE
Source rdamedia
Media type term unmediated
338 ## - CARRIER TYPE
Source rdacarrier
Carrier type term volume
490 1# - SERIES STATEMENT
Series statement Descobrim el País Valencià ;
Volume number/sequential designation 5
504 ## - BIBLIOGRAPHY, ETC. NOTE
Bibliography, etc Bibliografía: p. 93-94.
650 #4 - SUBJECT ADDED ENTRY--TOPICAL TERM
Topical term or geographic name as entry element Teatro catalán
General subdivision Historia
9 (RLIN) 43347
830 #0 - SERIES ADDED ENTRY--UNIFORM TITLE
9 (RLIN) 17761
Uniform title Descobrim el País Valencià ;
Volume number/sequential designation 5
942 ## - ADDED ENTRY ELEMENTS (KOHA)
Item type Monografías
Dati di copia
Withdrawn status Lost status Damaged status Not for loan Home library Current library Date acquired Total Checkouts Full call number Barcode Date last seen Price effective from Koha item type
        Iglesia Nacional Española en Roma Iglesia Nacional Española en Roma 15/01/2018   COL.A 108.5 46746 15/01/2018 15/01/2018 Monografías